| 000 | 00615nam a2200217Ia 4500 | ||
|---|---|---|---|
| 008 | 160216s9999 xx 000 0 und d | ||
| 020 | _a971-08-7077-7 | ||
| 050 | _aFIL QA 76 | ||
| 050 | _b.P47 2010 c.1 | ||
| 100 | _aPepito, Copernicus P. | ||
| 245 | _aIntroduction to computer fundamentals & information technology / | ||
| 245 | _cCopernicus P. Pepito. | ||
| 260 | _aMandaluyong: | ||
| 260 | _bNational Book Store, | ||
| 260 | _c2010 | ||
| 300 | _a316 pages : | ||
| 300 | _bill. ; | ||
| 300 | _c23 cm. | ||
| 500 | _aInludes bibliographical references. | ||
| 650 | _aComputers -- Study and teaching. | ||
| 999 |
_c290959 _d290959 |
||